000 00459nam a2200181Ia 4500
008 230524s9999 xx 000 0 und d
020 _a9788131720196
082 _bASF
100 _aEdward. B.Saff
_942193
245 0 _a"Fundmental of Complex Analysis , "
250 _a3
260 _aNew Delhi
_bPearson
_c2008
300 _aL-Lp;
500 _aQuantity Number: 1
650 _aMathamatics
_942194
700 _aArthur. D.Snider
_942195
942 _cBK
999 _c56546
_d56546